[Event "6tth ch-EUR IBCA 2015"]
[Site "Lyon FRA"]
[Date "2015.07.27"]
[Round "3.21"]
[White "Steinhart, Matthias"]
[Black "Znuderl, Matej"]
[Result "0-1"]
[WhiteElo "1768"]
[BlackElo "2000"]
[WhiteFideId "24615340"]
[BlackFideId "14604337"]
[EventDate "2015.07.25"]

1. e4 c5 2. Nf3 d6 3. d4 cxd4 4. Nxd4 Nf6 5. Nc3 a6 6. Bg5 e6 7. f4 Qb6 8. Qd2
Qxb2 9. Rb1 Qa3 10. e5 dxe5 11. fxe5 h6 12. Bh4 g5 13. Bxg5 hxg5 14. exf6 Nd7
15. Rd1 Bb4 16. Nde2 Qa5 17. Qd4 Rh4 18. g4 Ne5 19. Qe3 Nxg4 20. Qd2 Ne5 0-1

[Event "6tth ch-EUR IBCA 2015"]
[Site "Lyon FRA"]
[Date "2015.07.27"]
[Round "3.22"]
[White "Muri, Emil"]
[Black "Carapit, Vasile"]
[Result "0-1"]
[WhiteElo "1951"]
[BlackElo "1768"]
[WhiteFideId "14601354"]
[BlackFideId "1215140"]
[EventDate "2015.07.25"]

1. e4 e6 2. d3 Nf6 3. Nf3 d5 4. Nbd2 Be7 5. g3 O-O 6. Bg2 b6 7. O-O Bb7 8. Re1
dxe4 9. dxe4 Nxe4 10. Ng5 Nxf2 11. Qh5 Bxg5 12. Bxb7 Bxd2 13. Bxd2 Qxd2 14. Bxa8
Qd4 15. Kf1 Ng4 16. Re2 Ne3+ 17. Ke1 Qxb2 18. Rxe3 Qxa1+ 19. Ke2 Rd8 20. Rd3
Rxd3 21. Kxd3 Qxa2 22. Be4 g6 23. Qg5 Qa3+ 24. c3 Qd6+ 25. Kc2 Na6 26. h4 Nc5
27. Bh1 Qd3+ 28. Kb2 Na4+ 29. Kb3 Nxc3 30. Qe7 Nd5+ 0-1

[Event "6tth ch-EUR IBCA 2015"]
[Site "Lyon FRA"]
[Date "2015.07.27"]
[Round "3.23"]
[White "Tonteri, Ari"]
[Black "Schmeisser, Andre"]
[Result "1-0"]
[WhiteElo "1938"]
[BlackElo "1740"]
[WhiteFideId "503479"]
[BlackFideId "634107"]
[EventDate "2015.07.25"]

1. e4 c5 2. Nf3 e6 3. d4 cxd4 4. Nxd4 Nc6 5. Nb5 d6 6. c4 Nf6 7. N1c3 a6 8. Na3
b6 9. Be3 Bb7 10. Qb3 Nd7 11. Rd1 Qc7 12. f3 Be7 13. Be2 Nc5 14. Qc2 O-O 15. O-O
Rfd8 16. Rd2 Nb4 17. Qd1 Bc6 18. Nab1 Bb7 19. a3 Nc6 20. b4 Nd7 21. f4 Nf6 22.
Qc2 Rd7 23. Na4 Nb8 24. Nbc3 Qc6 25. Nxb6 Nxe4 26. Nxe4 f5 27. Nf6+ Bxf6 28. Bf3
d5 29. cxd5 Qxc2 30. Rxc2 Bxd5 31. Bxd5 exd5 32. Rc8+ Rd8 33. Rxd8+ Bxd8 34.
Nxa8 Nc6 35. Rc1 Ne7 36. Bb6 1-0

[Event "6tth ch-EUR IBCA 2015"]
[Site "Lyon FRA"]
[Date "2015.07.27"]
[Round "3.24"]
[White "Wikman, Bengt"]
[Black "Nedu, Razvan"]
[Result "1/2-1/2"]
[WhiteElo "1886"]
[BlackElo "1551"]
[WhiteFideId "503681"]
[BlackFideId "1246119"]
[EventDate "2015.07.25"]

1. e4 c5 2. Nf3 d6 3. Nc3 Nf6 4. e5 dxe5 5. Nxe5 Nbd7 6. Nc4 e6 7. g3 Be7 8. Bg2
O-O 9. O-O Nb6 10. Ne5 Qc7 11. Qe2 Nbd7 12. Nc4 Nb6 13. Nb5 Qd8 14. d4 a6 15.
Nba3 cxd4 16. Nxb6 Qxb6 17. Nc4 Qc5 18. b3 Rd8 19. Rd1 Nd5 20. Ba3 Nc3 21. Qg4
Qg5 22. Qxg5 Bxg5 23. Re1 Nb5 24. Bb4 Bf6 25. Rad1 Nc3 26. Bxc3 dxc3 27. Rxd8+
Bxd8 28. Nd6 Rb8 29. Nxc8 Rxc8 30. Bxb7 Rb8 31. Bxa6 Ra8 32. Bd3 Rxa2 33. Re4 g6
34. Ra4 Rxa4 35. bxa4 f5 36. Kf1 Kf7 37. Ke2 Kf6 38. Ba6 Ke5 39. Kd3 Bb6 40. f4+
Kd6 41. Kxc3 Bg1 42. h3 Bh2 43. g4 fxg4 44. hxg4 Bxf4 45. Kd4 h5 46. gxh5 gxh5
47. Ke4 e5 1/2-1/2

[Event "6tth ch-EUR IBCA 2015"]
[Site "Lyon FRA"]
[Date "2015.07.27"]
[Round "3.25"]
[White "Holmela, Kari"]
[Black "Cizman, Gregor"]
[Result "1/2-1/2"]
[WhiteElo "1871"]
[BlackElo "1618"]
[WhiteFideId "505528"]
[BlackFideId "14605660"]
[EventDate "2015.07.25"]

1. d4 Nf6 2. Nf3 d5 3. Bg5 Nbd7 4. e3 h6 5. Bh4 e6 6. Bd3 Be7 7. Nbd2 c5 8. c3
a6 9. O-O O-O 10. Ne5 Qc7 11. Nxd7 Bxd7 12. Rc1 c4 13. Bb1 Bc6 14. Bxf6 Bxf6 15.
f4 g6 16. Rf3 Bg7 17. Rg3 Be8 18. Nf3 f5 19. Ne5 Bxe5 20. fxe5 Qe7 21. Qd2 g5
22. Rf3 g4 23. Rf4 h5 24. Rcf1 Bg6 25. Bc2 b5 1/2-1/2

[Event "6tth ch-EUR IBCA 2015"]
[Site "Lyon FRA"]
[Date "2015.07.27"]
[Round "3.26"]
[White "Murgia, Stefano"]
[Black "Antonic, Nenad"]
[Result "1-0"]
[WhiteElo "1705"]
[BlackElo "1450"]
[WhiteFideId "876011"]
[BlackFideId "20601506"]
[EventDate "2015.07.25"]

1. e4 c6 2. d4 d5 3. Nc3 dxe4 4. Nxe4 Bf5 5. Ng3 Bg6 6. h4 h6 7. Nf3 Nf6 8. h5
Bh7 9. Bd3 Bxd3 10. Qxd3 e6 11. Bf4 Bb4+ 12. Bd2 Bd6 13. O-O-O Nbd7 14. Ne4 Nxe4
15. Qxe4 Nf6 16. Qe2 b5 17. g3 a5 18. Ne5 Bxe5 19. dxe5 Nd5 20. Qg4 Kf8 21. f4
Qc8 22. Qf3 b4 23. g4 a4 24. f5 exf5 25. gxf5 f6 26. e6 Ke7 27. Qg3 Rg8 28.
Bxb4+ Nxb4 29. Rd7+ Kf8 30. Qd6+ 1-0

[Event "6tth ch-EUR IBCA 2015"]
[Site "Lyon FRA"]
[Date "2015.07.27"]
[Round "3.27"]
[White "L'herbon De Lussats, Jean"]
[Black "Platon, Constantin"]
[Result "0-1"]
[WhiteElo "1416"]
[BlackElo "1701"]
[WhiteFideId "20652194"]
[BlackFideId "13904264"]
[EventDate "2015.07.25"]

1. c4 d6 2. d4 Nf6 3. Nc3 g6 4. Bg5 Bg7 5. e4 Nbd7 6. Nf3 O-O 7. Be2 c5 8. d5
Nb6 9. O-O Re8 10. Qd2 Bg4 11. b3 Nbd7 12. Bh6 a6 13. Bxg7 Kxg7 14. Nh4 Bxe2 15.
Qxe2 e5 16. dxe6 fxe6 17. Rad1 Nb6 18. f4 Qe7 19. e5 dxe5 20. fxe5 Nfd7 21. Qe4
Rf8 22. Nf3 Rab8 23. Rf2 Nc8 24. Rfd2 Ncb6 25. a4 Rfd8 26. a5 Na8 27. h3 b6 28.
axb6 Rxb6 29. Rb1 Nc7 30. Na4 Rb4 31. Qc6 Nxe5 32. Qe4 Nxf3+ 33. Qxf3 Rxd2 34.
Qc3+ Rd4 35. Qe3 Qd6 36. Nc3 Rb8 37. Ne2 Rd1+ 38. Rxd1 Qxd1+ 39. Kh2 Qd6+ 40.
Ng3 Rf8 41. Qc3+ Qd4 42. Qa5 Qd6 43. Qc3+ Kg8 44. h4 Ne8 45. Kh3 Ng7 46. Ne4 Qd4
47. Qe1 Nf5 48. g3 Nh6 49. Qe2 e5 50. Ng5 Qg1 51. Nf3 Qh1+ 52. Nh2 Qg1 53. Nf3
Qb1 54. Qe3 Qf5+ 55. Kg2 Ng4 56. Qe2 e4 57. Ng5 Qf2+ 58. Qxf2 Rxf2+ 59. Kh3 Nf6
60. g4 e3 61. Kg3 Nxg4 62. Ne4 e2 63. Nxf2 e1=Q 64. Kxg4 Qxf2 65. Kg5 Kg7 66. b4 0-1

[Event "6tth ch-EUR IBCA 2015"]
[Site "Lyon FRA"]
[Date "2015.07.27"]
[Round "3.28"]
[White "Siret, Bernard"]
[Black "Le Brun, Yves"]
[Result "1-0"]
[WhiteElo "1698"]
[BlackElo "1396"]
[WhiteFideId "20618948"]
[BlackFideId "20652178"]
[EventDate "2015.07.25"]

1. d4 Nf6 2. Nc3 d5 3. e4 dxe4 4. f3 e6 5. a3 exf3 6. Nxf3 a6 7. Bg5 Be7 8. Bd3
h6 9. Be3 Ng4 10. Qd2 Nd7 11. Ne4 Nxe3 12. Qxe3 b6 13. O-O Bb7 14. Kh1 Nf6 15.
Nxf6+ Bxf6 16. c3 Qd6 17. Be4 O-O-O 18. Bxb7+ Kxb7 19. Rae1 Rde8 20. Ne5 Re7 21.
Rxf6 gxf6 22. Qf3+ c6 23. Qxf6 Rh7 24. Rf1 b5 25. Rf2 Rc7 26. h3 Qe7 27. Qf3 h5
28. Nd3 Kb6 29. Qe3 Kb7 30. Qe4 f5 31. Qf3 Qg5 32. Nc5+ Kb6 33. Nxe6 Qc1+ 34.
Kh2 Qh6 35. Nxc7 Qd6+ 36. Qf4 Kxc7 37. Qxd6+ Kxd6 38. Rxf5 Ke6 39. Re5+ Kd6 40.
h4 Rf7 41. Rxh5 1-0

[Event "6tth ch-EUR IBCA 2015"]
[Site "Lyon FRA"]
[Date "2015.07.27"]
[Round "3.29"]
[White "Drazetic, Novica"]
[Black "Duthoit, Bernard"]
[Result "1-0"]
[WhiteElo "1613"]
[BlackElo "1372"]
[WhiteFideId "14529483"]
[BlackFideId "20652143"]
[EventDate "2015.07.25"]

1. e4 e6 2. d4 d5 3. Nc3 dxe4 4. Nxe4 Nc6 5. Nf3 Bb4+ 6. c3 Ba5 7. Bd3 a6 8. O-O
b5 9. Be3 Bb6 10. Nc5 Nf6 11. Bg5 h6 12. Bh4 g5 13. Bg3 Nd7 14. Be4 Bb7 15. Nxb7
Qe7 16. Bxc6 O-O 17. Bxd7 Qxd7 18. Nc5 Qc6 19. Nd3 f6 20. Nb4 Qe8 21. Qd3 a5 22.
Nc2 Rd8 23. Rad1 c5 24. Qe2 cxd4 25. Ncxd4 e5 26. Nxb5 Rxd1 27. Rxd1 f5 28. Bxe5
Bxf2+ 29. Qxf2 1-0

[Event "6tth ch-EUR IBCA 2015"]
[Site "Lyon FRA"]
[Date "2015.07.28"]
[Round "4.1"]
[White "Grigorchuk, Sergey"]
[Black "Babarykin, Stanislav"]
[Result "0-1"]
[WhiteTitle "CM"]
[BlackTitle "FM"]
[WhiteElo "2295"]
[BlackElo "2357"]
[WhiteFideId "14114879"]
[BlackFideId "4101898"]
[EventDate "2015.07.25"]

1. d4 f5 2. g3 Nf6 3. Bg2 g6 4. Nf3 Bg7 5. O-O O-O 6. b3 d6 7. Bb2 Qe8 8. Nbd2
Nc6 9. Re1 Ne4 10. Nxe4 fxe4 11. Ng5 d5 12. c4 e6 13. f3 Qd8 14. f4 h6 15. Nh3
a5 16. e3 a4 17. Ba3 Rf7 18. Nf2 Bd7 19. Bh3 Kh7 20. Ng4 Bf8 21. Bxf8 Rxf8 22.
Qd2 Qe7 23. c5 h5 24. Nf2 g5 25. Bg2 gxf4 26. gxf4 Nd8 27. Nh3 Nf7 28. Qb2 Qh4
29. Qf2 Qxf2+ 30. Kxf2 e5 31. fxe5 Nxe5+ 0-1

[Event "6tth ch-EUR IBCA 2015"]
[Site "Lyon FRA"]
[Date "2015.07.28"]
[Round "4.2"]
[White "Tazbir, Marcin"]
[Black "Dukaczewski, Piotr"]
[Result "1-0"]
[WhiteTitle "GM"]
[BlackTitle "IM"]
[WhiteElo "2516"]
[BlackElo "2237"]
[WhiteFideId "1122452"]
[BlackFideId "1103520"]
[EventDate "2015.07.25"]

1. Nf3 d5 2. d4 a6 3. g3 Nf6 4. Bg2 e6 5. O-O c5 6. dxc5 Bxc5 7. c4 dxc4 8.
Qxd8+ Kxd8 9. Ne5 Ke7 10. Nxc4 Nbd7 11. Na5 Rb8 12. Bf4 e5 13. Bd2 Re8 14. b4
Bd4 15. Nc3 Kf8 16. Rac1 Kg8 17. e3 Bb6 18. Na4 Bxa5 19. bxa5 e4 20. Bb4 b5 21.
axb6 Nxb6 22. Bd6 Rb7 23. Nc5 Ra7 24. Rfd1 Bg4 25. Rd4 Bf5 26. g4 Nxg4 27. Nxe4
Nc8 28. Bb8 Rae7 29. Nd6 Nxd6 30. Bxd6 Re6 31. e4 Bg6 32. f4 Bh5 33. Rc5 Rh6 34.
Rc3 g5 35. h3 gxf4 36. hxg4 Bxg4 37. e5 Be6 38. a3 Rh4 39. Ra4 Kh8 40. Kf2 Rg4
41. Rxa6 h5 42. Bh3 Reg8 43. Bxg4 hxg4 44. Ra4 g3+ 45. Kg1 Rg4 46. Rf3 1-0

[Event "6tth ch-EUR IBCA 2015"]
[Site "Lyon FRA"]
[Date "2015.07.28"]
[Round "4.3"]
[White "Pakhomov, Alexey"]
[Black "Stachanczyk, Jacek"]
[Result "1/2-1/2"]
[WhiteTitle "IM"]
[BlackTitle "FM"]
[WhiteElo "2346"]
[BlackElo "2259"]
[WhiteFideId "4129016"]
[BlackFideId "1116657"]
[EventDate "2015.07.25"]

1. d4 d5 2. Nf3 Nf6 3. c4 c6 4. e3 Bg4 5. h3 Bxf3 6. Qxf3 e6 7. Nc3 Nbd7 8. g4
Bb4 9. Bd3 O-O 10. a3 Bxc3+ 11. bxc3 e5 12. Qg2 Qa5 13. Bd2 Qa4 14. O-O e4 15.
Be2 Nb6 16. g5 Ne8 17. cxd5 cxd5 18. c4 Qc2 19. Rfd1 dxc4 20. Rac1 Qa2 21. Ra1
Qc2 22. Rac1 Qa2 23. Ra1 1/2-1/2

[Event "6tth ch-EUR IBCA 2015"]
[Site "Lyon FRA"]
[Date "2015.07.28"]
[Round "4.4"]
[White "Dimic, Pavle"]
[Black "Fernandez Manrique, Agustin"]
[Result "1-0"]
[WhiteTitle "FM"]
[WhiteElo "2305"]
[BlackElo "2183"]
[WhiteFideId "937428"]
[BlackFideId "2231000"]
[EventDate "2015.07.25"]

1. d4 Nf6 2. Nf3 g6 3. c4 Bg7 4. g3 O-O 5. Bg2 d6 6. O-O Nbd7 7. Nc3 e5 8. e4 a6
9. h3 b5 10. Qc2 c6 11. Rd1 Qe7 12. c5 dxc5 13. dxe5 Ne8 14. Bg5 Qe6 15. Ne2
Nxe5 16. Qxc5 Nxf3+ 17. Bxf3 Bxb2 18. Be7 Bxa1 19. Rxa1 Nc7 20. Nf4 1-0

[Event "6tth ch-EUR IBCA 2015"]
[Site "Lyon FRA"]
[Date "2015.07.28"]
[Round "4.5"]
[White "Komissarov, Alexey"]
[Black "Wassin, Sergej"]
[Result "1/2-1/2"]
[BlackTitle "FM"]
[WhiteElo "2191"]
[BlackElo "2298"]
[WhiteFideId "4176545"]
[BlackFideId "14103494"]
[EventDate "2015.07.25"]

1. d4 Nf6 2. c4 c5 3. Nf3 cxd4 4. Nxd4 e6 5. g3 Bc5 6. Nb3 Be7 7. Bg2 Qc7 8.
N3d2 d5 9. Nc3 dxc4 10. Qa4+ Bd7 11. Qxc4 Qxc4 12. Nxc4 Bc6 13. e4 Bb4 14. O-O
O-O 15. Ne5 Bxc3 16. Nxc6 Nxc6 17. bxc3 Ne5 18. Rb1 Rfc8 19. Rxb7 Rxc3 20. Rd1
h5 21. Bb2 Rc5 22. a4 a6 23. h3 h4 24. g4 g5 25. Rc1 Rxc1+ 26. Bxc1 Nh7 27. Bf1
Nf6 28. Bg2 Nh7 29. Bf1 Nf6 30. Bb2 Nf3+ 31. Kg2 Ne1+ 32. Kg1 1/2-1/2

[Event "6tth ch-EUR IBCA 2015"]
[Site "Lyon FRA"]
[Date "2015.07.28"]
[Round "4.6"]
[White "Nizam, Rasim"]
[Black "Mueller, Oliver"]
[Result "1/2-1/2"]
[WhiteTitle "IM"]
[BlackTitle "FM"]
[WhiteElo "2180"]
[BlackElo "2269"]
[WhiteFideId "2906708"]
[BlackFideId "4633385"]
[EventDate "2015.07.25"]

1. e4 c5 2. Nf3 d6 3. d4 cxd4 4. Nxd4 Nf6 5. Nc3 a6 6. Be2 e5 7. Nb3 Be7 8. O-O
O-O 9. Qd3 Nc6 10. Bg5 Be6 11. Bxf6 Bxf6 12. Nd5 Rc8 13. c3 Bg5 14. Nd2 Bxd5 15.
Qxd5 Ne7 16. Qd3 Bxd2 17. Qxd2 Qb6 18. Rad1 Rcd8 19. Bc4 Kh8 20. Bb3 Qc7 21. f4
exf4 22. Rxf4 Ng6 23. Rf5 Ne5 24. Rdf1 f6 25. Qd4 b5 26. Rd1 a5 27. h3 Rfe8 28.
Bd5 Rb8 29. a3 b4 30. axb4 axb4 31. cxb4 Qb6 32. Rff1 Qxb4 33. Qxb4 Rxb4 34. b3
Rc8 35. Rc1 Rxc1 36. Rxc1 h5 37. Rc8+ Kh7 38. Rd8 Rb6 39. Kf1 Kg6 40. Ke2 h4 41.
Kd2 Kg5 42. Ke3 Ng6 43. Rg8 Kh6 44. Rc8 Ne7 45. Rh8+ Kg5 46. Bc4 f5 47. Re8 Rb7
48. Ra8 1/2-1/2

[Event "6tth ch-EUR IBCA 2015"]
[Site "Lyon FRA"]
[Date "2015.07.28"]
[Round "4.7"]
[White "Meshkov, Yuri A."]
[Black "Schellmann, Frank"]
[Result "1-0"]
[WhiteTitle "IM"]
[BlackTitle "CM"]
[WhiteElo "2349"]
[BlackElo "2093"]
[WhiteFideId "4107101"]
[BlackFideId "4669916"]
[EventDate "2015.07.25"]

1. Nf3 Nf6 2. c4 g6 3. b3 Bg7 4. Bb2 O-O 5. g3 c6 6. Bg2 d5 7. d3 Nbd7 8. O-O
Re8 9. d4 Ne4 10. Qc1 Nf8 11. e3 Be6 12. Ne5 Qc8 13. f3 Nd6 14. c5 Nf5 15. Nd3
f6 16. e4 Bh6 17. Nf4 Ng7 18. Qe1 Bf7 19. Nd3 Nd7 20. Bh3 e6 21. b4 Qc7 22. e5
Nf5 23. f4 a5 24. g4 fxe5 25. gxf5 exf4 26. Qh4 Kg7 27. Ne5 g5 28. Qe1 exf5 29.
Bxf5 Nf6 30. a3 Bh5 31. Nd2 Bg6 32. Qb1 Bh5 33. h3 axb4 34. axb4 Rxa1 35. Bxa1
Ra8 36. Bc3 Qe7 37. Re1 Qf8 38. Ndf3 Ra3 39. Qb2 Qa8 40. Ra1 Rxa1+ 41. Qxa1 Qe8
42. Qe1 Kf8 43. Nh2 Bg7 44. Qa1 Be2 45. Qa2 Ba6 46. Qg2 Qh5 47. Nhf3 Ne4 48.
Bxe4 dxe4 1-0

[Event "6tth ch-EUR IBCA 2015"]
[Site "Lyon FRA"]
[Date "2015.07.28"]
[Round "4.8"]
[White "Zsiltzova-Lisenko, Lubov"]
[Black "Rositsan, Boris"]
[Result "1-0"]
[WhiteTitle "WIM"]
[BlackTitle "FM"]
[WhiteElo "2224"]
[BlackElo "2051"]
[WhiteFideId "14101360"]
[BlackFideId "12802158"]
[EventDate "2015.07.25"]

1. e4 c5 2. Nf3 d6 3. d4 cxd4 4. Nxd4 Nf6 5. Nc3 e6 6. Bc4 Be7 7. Be3 O-O 8. Qe2
d5 9. exd5 exd5 10. Bd3 Ng4 11. O-O-O Re8 12. Bb5 Nxe3 13. fxe3 Bd7 14. Nxd5 Qa5
15. Nxe7+ Rxe7 16. Kb1 Bxb5 17. Qxb5 Qxb5 18. Nxb5 Nc6 19. Rhe1 Rae8 20. Nd6 Rd8
21. Nc4 Rxd1+ 22. Rxd1 g6 23. a4 a6 24. Rd5 Nb4 25. Rd8+ Kg7 26. a5 h5 27. c3
Nc6 28. Rd5 h4 29. Kc2 Re4 30. b3 Rg4 31. Rd2 Kf6 32. Rf2+ Ke6 33. Kd3 Rg5 34.
b4 Rd5+ 35. Kc2 Rg5 36. e4 Rg4 37. Kd3 Ke7 38. Re2 Rf4 39. Nd2 Ne5+ 40. Kd4 Ke6
41. Nc4 Nd7 42. Nb6 Ne5 43. Nc4 Nd7 44. Nd2 Ne5 45. c4 Nc6+ 46. Kc3 Rg4 47. Nf3
Rf4 48. h3 f6 49. Ra2 Rxe4 50. b5 Nd8 51. bxa6 bxa6 52. Rb2 Kd7 53. Rb6 Ne6 54.
Kb4 Nc7 55. Kc3 Re2 56. Nxh4 g5 57. Nf5 Rxg2 58. Rd6+ Ke8 59. Rxf6 Rh2 60. Ng7+
Kd7 61. Rf3 Kc6 62. Rg3 Ra2 63. Rxg5 Ra3+ 64. Kb4 Rxh3 65. Rg6+ Kd7 66. Kc5 Rf3
67. Rd6+ Kc8 68. Kc6 Rf4 69. c5 Nb5 70. Rd8+ Kxd8 71. Ne6+ Kc8 72. Nxf4 Nd4+ 73.
Kb6 Kd7 74. Nd5 Nf5 75. Kb7 Nd4 76. Nb6+ Kd8 77. c6 Ne6 78. Nd5 Nc5+ 79. Kb8 Ke8
80. c7 Nd7+ 81. Ka7 1-0

[Event "6tth ch-EUR IBCA 2015"]
[Site "Lyon FRA"]
[Date "2015.07.28"]
[Round "4.9"]
[White "Mlacnik, Franc"]
[Black "Spinu, Evgeny"]
[Result "1-0"]
[BlackTitle "FM"]
[WhiteElo "2048"]
[BlackElo "2210"]
[WhiteFideId "14601923"]
[BlackFideId "13902784"]
[EventDate "2015.07.25"]

1. d4 d5 2. Nf3 Nf6 3. c4 e6 4. g3 Be7 5. Bg2 O-O 6. O-O dxc4 7. Na3 Bxa3 8.
bxa3 b5 9. Ne5 Nd5 10. a4 f6 11. Nf3 Nc3 12. Qc2 Nxa4 13. Ba3 Bb7 14. Bxf8 Qxf8
15. Ng5 fxg5 16. Bxb7 Nd7 17. Bxa8 Qxa8 18. e4 Nf6 19. Rfe1 Qd8 20. Rad1 c6 21.
d5 cxd5 22. exd5 exd5 23. Qf5 h6 24. Re6 Nc3 25. Rd2 a5 26. Qe5 b4 27. Re7 Qf8
28. Qe6+ Kh8 29. Rc7 a4 30. Rc8 Qxc8 31. Qxc8+ Kh7 32. Qf5+ Kh8 33. Qe5 Kh7 34.
a3 Nce4 35. Rxd5 bxa3 36. Qf5+ Kg8 37. Rd8+ Kf7 38. Rd7+ Kf8 39. Rc7 Nd6 40. Qe6
Nfe8 41. Qe7+ Kg8 42. Rxc4 1-0

[Event "6tth ch-EUR IBCA 2015"]
[Site "Lyon FRA"]
[Date "2015.07.28"]
[Round "4.10"]
[White "Ross, Chris N"]
[Black "Hervais, Adrien"]
[Result "1-0"]
[WhiteTitle "CM"]
[WhiteElo "2184"]
[BlackElo "2029"]
[WhiteFideId "410411"]
[BlackFideId "612294"]
[EventDate "2015.07.25"]

1. d4 e6 2. c4 d5 3. Nc3 Nf6 4. cxd5 Nxd5 5. e4 Nxc3 6. bxc3 c5 7. Nf3 cxd4 8.
cxd4 Bb4+ 9. Bd2 Bxd2+ 10. Qxd2 O-O 11. Be2 b6 12. O-O Bb7 13. Qe3 Nc6 14. Rad1
Re8 15. h4 Qe7 16. Bd3 Rad8 17. h5 Ba8 18. a3 Qxa3 19. e5 g6 20. Ng5 Qe7 21. Ne4
Rf8 22. Nf6+ Kg7 23. Qh3 h6 24. Qg3 Kh8 25. Qe3 Kg7 26. Qg3 Kh8 27. Qe3 Kg7 28.
hxg6 fxg6 29. Bxg6 Rh8 30. Be4 Kf8 31. Qf3 Rc8 32. Nd5+ Qf7 33. Qa3+ Kg8 34.
Nf6+ Kg7 35. Rd3 Rhf8 36. Rg3+ Kh8 37. Qe3 1-0

[Event "6tth ch-EUR IBCA 2015"]
[Site "Lyon FRA"]
[Date "2015.07.28"]
[Round "4.11"]
[White "Mueller, Thorsten"]
[Black "Znuderl, Matej"]
[Result "1/2-1/2"]
[WhiteElo "2133"]
[BlackElo "2000"]
[WhiteFideId "4653319"]
[BlackFideId "14604337"]
[EventDate "2015.07.25"]

1. d4 Nf6 2. Nf3 g6 3. Bf4 Bg7 4. e3 O-O 5. Be2 d6 6. O-O Nc6 7. c3 Ne8 8. Nbd2
e5 9. Bg3 Qe7 10. d5 Nd8 11. Bh4 f6 12. e4 c6 13. c4 c5 14. Ne1 Nf7 15. Bd3 g5
16. Bg3 Nh6 17. f3 f5 18. b4 b6 19. Qa4 Nf7 20. bxc5 bxc5 21. Rb1 Qc7 22. Rb2
Bd7 23. Qa6 1/2-1/2

[Event "6tth ch-EUR IBCA 2015"]
[Site "Lyon FRA"]
[Date "2015.07.28"]
[Round "4.12"]
[White "Jandric, Damjan"]
[Black "Tonteri, Ari"]
[Result "1-0"]
[WhiteTitle "CM"]
[WhiteElo "2122"]
[BlackElo "1938"]
[WhiteFideId "921475"]
[BlackFideId "503479"]
[EventDate "2015.07.25"]

1. e4 e5 2. Bc4 Nf6 3. d3 c6 4. Nf3 d5 5. Bb3 Bd6 6. Nc3 dxe4 7. dxe4 O-O 8. Bg5
Na6 9. Qd2 Bc7 10. O-O-O Qxd2+ 11. Nxd2 Nc5 12. Bxf6 gxf6 13. Nc4 Be6 14. Ne3 a5
15. f3 b5 16. Bxe6 fxe6 17. g4 Rad8 18. Rxd8 Rxd8 19. Rd1 Rxd1+ 20. Kxd1 Bb6 21.
Ke2 Kg7 22. b3 Kg6 23. Ng2 Kg5 24. a4 bxa4 25. Nxa4 Nxa4 26. bxa4 Bg1 27. h4+
Kg6 28. Ne3 Bxe3 29. Kxe3 Kf7 30. Kd3 Ke7 31. Kc4 Kd6 32. h5 h6 33. c3 Kd7 34.
Kc5 Kc7 35. c4 Kd7 36. Kb6 Kd6 37. c5+ 1-0

[Event "6tth ch-EUR IBCA 2015"]
[Site "Lyon FRA"]
[Date "2015.07.28"]
[Round "4.13"]
[White "Carapit, Vasile"]
[Black "Pribeanu, Mihail-Dacian"]
[Result "0-1"]
[BlackTitle "FM"]
[WhiteElo "1768"]
[BlackElo "2120"]
[WhiteFideId "1215140"]
[BlackFideId "1209094"]
[EventDate "2015.07.25"]

1. c4 e6 2. b3 Nf6 3. Bb2 Be7 4. Nc3 O-O 5. Nf3 d5 6. cxd5 exd5 7. d4 Bf5 8. e3
c6 9. Bd3 Bg4 10. h3 Bh5 11. g4 Bg6 12. Qc2 Nbd7 13. O-O-O b5 14. Ne5 Nxe5 15.
dxe5 Bxd3 16. Qxd3 Nd7 17. f4 Nc5 18. Qd4 b4 19. Ne2 a5 20. a3 Nxb3+ 0-1

[Event "6tth ch-EUR IBCA 2015"]
[Site "Lyon FRA"]
[Date "2015.07.28"]
[Round "4.14"]
[White "Riegler, Dieter"]
[Black "Gasperoni, Claudio"]
[Result "1-0"]
[WhiteElo "2095"]
[BlackElo "1867"]
[WhiteFideId "4606426"]
[BlackFideId "825450"]
[EventDate "2015.07.25"]

1. d4 d5 2. c4 e6 3. Nc3 c5 4. cxd5 exd5 5. Nf3 Nc6 6. g3 Nf6 7. Bg2 Be7 8. O-O
O-O 9. dxc5 d4 10. Na4 Bf5 11. Bd2 Be4 12. b4 Qd5 13. Qb3 Qh5 14. b5 Ne5 15.
Nxd4 Bxg2 16. Kxg2 Ne4 17. Bb4 Rfd8 18. Nf3 Bxc5 19. Nxc5 Nxc5 20. Bxc5 Nxf3 21.
Qxf3 Qxc5 22. a4 b6 23. Rfd1 g6 24. Rdc1 Qe5 25. Ra3 Rac8 26. Re3 Qd6 27. Rxc8
Rxc8 28. Qb7 Rc7 29. Qa8+ Kg7 30. Re8 Qb4 31. Rg8+ Kh6 32. Qf3 Qc4 33. Qe3+ Kh5
34. f3 f5 35. h3 1-0

[Event "6tth ch-EUR IBCA 2015"]
[Site "Lyon FRA"]
[Date "2015.07.28"]
[Round "4.15"]
[White "Pirosca, Alexandru"]
[Black "Cajzler, Hinko"]
[Result "0-1"]
[WhiteElo "2003"]
[BlackElo "2135"]
[WhiteFideId "1211110"]
[BlackFideId "14501376"]
[EventDate "2015.07.25"]

1. e4 c6 2. d4 d5 3. f3 e6 4. Nc3 Bb4 5. Bf4 Ne7 6. Qd2 Nd7 7. Nge2 Nb6 8. Ng3
Ng6 9. Be3 Na4 10. a3 Bxc3 11. bxc3 b5 12. Bd3 Qa5 13. Ne2 Bd7 14. O-O O-O 15.
Kh1 Rac8 16. Qe1 Qd8 17. Qf2 Qe7 18. e5 f5 19. exf6 Qxf6 20. Qg3 Be8 21. Bg5 Qf7
22. Rfe1 Qc7 23. Qh3 h6 24. Bd2 Rf6 25. Ng3 Nf8 26. Nh5 Bxh5 27. Qxh5 Nb2 28.
Bf1 Qf7 29. Qxf7+ Kxf7 30. Bc1 Na4 31. Bd2 Nd7 32. Kg1 a6 33. Rab1 c5 34. Bd3
Re8 35. f4 h5 36. g3 g6 37. Kg2 Kg7 38. h3 Rff8 39. g4 hxg4 40. hxg4 Nf6 41. g5
Nh5 42. Rf1 Rh8 43. Rbe1 Kf7 44. Be2 Ng7 45. Bg4 Rh4 46. Bh3 Reh8 47. Rh1 cxd4
48. cxd4 Nb2 49. Bb4 Nc4 50. Bc5 Nd2 51. Bd6 Nc4 52. Bc5 R4h5 53. c3 Nd2 54. Bg4
Rxh1 55. Rxh1 Rxh1 56. Kxh1 Ne4 57. Kg2 Nxc3 58. Kf3 Ne4 59. Bb4 Ne8 60. Ke3
N8d6 61. Bd1 Nf5+ 0-1